Nigeria's Security Budgets and Security Deficit in the North East Zone

Detalles Bibliográficos
Autor principal: Adebayo, Oluwayemi
Formato: eBook
Lenguaje:inglés
Publicado: Abuya: Lambert Academic Publishing, 2019
Materias:
Acceso en línea:Acceso restringido

MARC

LEADER 00000nam a22000007a 4500
005 20190919221143.0
007 cr|||| ||||
008 190919s2019 ng |||||s|||| 00||0 eng d
020 |a 9786200220608 
035 |a 29448 
040 |a vLex 
090 |c 9593  |d 9593 
100 1 |a Adebayo, Oluwayemi 
245 1 0 |a Nigeria's Security Budgets and Security Deficit in the North East Zone  |h [Recurso electrn̤ico] /  |c Oluwayemi Adebayo 
256 |a Servicio en ln̕ea 
260 |a Abuya:  |b Lambert Academic Publishing,  |c 2019 
300 |a 1 recurso electrn̤ico 
500 |a A well defined security framework in the North East Zone has turned out to be unobtainable and it is strenuous to vitally investigate how budgetary allocations to the security sector aligns with an adequate security plan in the North East Zone. This study employed a qualitative method and anchored its analysis on the decision making and relative deprivation theories. The findings of this study indicate that the government within period under review (2014-2018), made budgetary plans on security. In spite of the investments, the North East Zone still grapples with security threats. It is therefore premised on these findings that the North East Development Commission (NEDC), being a major institution in fostering a sustainable solution to the challenge of insecurity and addressing the root cause of insurgency in the North East Zone has the prospect in containing the security deficiency in the Zone. This study further recommends measures toward the attainment of an adequate security plan in the North East Zone. 
506 1 |a Disponible solo en los productos indicados  |d vLex Global  |d vLex Global (Academic Edition, excluding Law Schools)  |d vLex Global (U.S. Academic Edition, Law Schools)  |d vLex Global (U.S. Academic Edition, excluding Law Schools)  |d vLex Global (Academic Edition, Law Schools) 
650 0 4 |a Derecho Pb︢lico y Administrativo  |z Nigeria 
740 0 |a vLex Libros (Servicio en ln̕ea) 
856 4 0 |u http://vlex.com/source/29448  |z Acceso restringido 
942 |c BOOK 
999 0 |a Public and Administrative Law